[Event "Charleroi op"]
[Site "Charleroi"]
[Date "2010.08.02"]
[Round "4"]
[White "Marchal, Chantal"]
[Black "Mastalerz, Xavier"]
[Result "0-1"]
[WhiteElo "1864"]
[BlackElo "2120"]
[PlyCount "82"]
[EventDate "2010.07.31"]
[EventType "swiss"]
[EventRounds "9"]
[EventCountry "BEL"]
[SourceTitle "CBM 137 Extra"]
[Source "ChessBase"]
[SourceDate "2010.09.01"]
[SourceVersion "1"]
[SourceVersionDate "2010.09.01"]
[SourceQuality "1"]

1. e4 e6 2. d4 d5 3. Nd2 Nf6 4. e5 Nfd7 5. Bd3 c5 6. c3 Nc6 7. Ne2 cxd4 8. cxd4 f6 9. exf6 Nxf6 10. Nf3 Bd6 11. Nc3 0-0 12. 0-0 e5 13. dxe5 Nxe5 14. Nxe5 Bxe5 15. h3 Bc7 16. Nb5 Bb8 17. Be3 a6 18. Nd4 Qd6 19. f4 Re8 20. Qf3 Ba7 21. Nc2 d4 22. Bd2 Be6 23. f5 Bd5 24. Qf4 Qxf4 25. Bxf4 Be4 26. Rad1 Rac8 27. Ne1 Nd5 28. Rc1 Rxc1 29. Bxc1 Nb4 30. Bc4+ Kh8 31. Bd2 Nc6 32. Bd3 Bd5 33. b3 Ne5 34. Bb1 Nd7 35. Bd3 Nc5 36. f6 gxf6 37. Bb1 Kg7 38. Nd3 Ne4 39. Bb4 Nc3 40. Nf4 Ne2+ 41. Nxe2 Rxe2 0-1

[Event "La Fere op 7th"]
[Site "La Fere"]
[Date "2008.07.08"]
[Round "5"]
[White "Marchal, Chantal"]
[Black "Christophe, Jean Francois"]
[Result "1-0"]
[WhiteElo "1878"]
[BlackElo "1780"]
[PlyCount "117"]
[EventDate "2008.07.05"]
[EventType "swiss"]
[EventRounds "9"]
[EventCountry "FRA"]
[SourceTitle "CBM 125 Extra"]
[Source "ChessBase"]
[SourceDate "2008.09.01"]
[SourceVersion "1"]
[SourceVersionDate "2008.09.01"]
[SourceQuality "1"]

1. e4 b6 2. d4 d5 3. Bd3 Bb7 4. e5 e6 5. Nf3 c5 6. c3 Nc6 7. a3 a6 8. 0-0 Nge7 9. Bg5 Qc7 10. Nbd2 Ng6 11. Rc1 c4 12. Bb1 Be7 13. Re1 h6 14. Bxe7 Ngxe7 15. Nf1 Qd7 16. Ng3 g6 17. h3 Na5 18. Bc2 Qb5 19. Rb1 Qd7 20. Nh2 h5 21. Qd2 0-0-0 22. Qg5 h4 23. Ngf1 Rh5 24. Qd2 Rhh8 25. Ng4 Nf5 26. Nf6 Qe7 27. Nh2 Bc6 28. Nhg4 Nb3 29. Qd1 Ba4 30. Bxb3 Bxb3 31. Qc1 a5 32. Nh2 b5 33. Nf3 Kb7 34. Qd2 Kc6 35. Rbc1 Rb8 36. Qg5 b4 37. axb4 axb4 38. Ra1 bxc3 39. bxc3 Ra8 40. Ng4 Rxa1 41. Rxa1 Qxg5 42. Nxg5 Rb8 43. Nxf7 Bc2 44. Rc1 Rb1 45. Rxb1 Bxb1 46. Kf1 Kb5 47. Ke1 Ka4 48. Ng5 Kb3 49. Kd2 Ng7 50. Ne3 Bd3 51. Nf3 Nh5 52. Nxh4 Nf4 53. Nf3 Be4 54. Ne1 Kb2 55. g3 Bb1 56. h4 Nd3 57. Nxd3+ Bxd3 58. g4 Kb3 59. Ng2 1-0

[Event "La Fere op 7th"]
[Site "La Fere"]
[Date "2008.07.06"]
[Round "2"]
[White "Delorme, Laurie"]
[Black "Marchal, Chantal"]
[Result "1-0"]
[WhiteElo "2155"]
[BlackElo "1878"]
[PlyCount "101"]
[EventDate "2008.07.05"]
[EventType "swiss"]
[EventRounds "9"]
[EventCountry "FRA"]
[SourceTitle "CBM 125 Extra"]
[Source "ChessBase"]
[SourceDate "2008.09.01"]
[SourceVersion "1"]
[SourceVersionDate "2008.09.01"]
[SourceQuality "1"]

1. d4 Nf6 2. c4 g6 3. Nc3 Bg7 4. Nf3 0-0 5. Bg5 h6 6. Bh4 d6 7. e3 c6 8. Be2 Qc7 9. Nd2 e5 10. d5 Nbd7 11. 0-0 a5 12. Bf3 Ra6 13. h3 Nc5 14. Qc2 Ne8 15. Be2 f5 16. f4 e4 17. Rac1 Ra7 18. b3 Na6 19. Na4 c5 20. Nb1 Qd7 21. Nbc3 Bxc3 22. Nxc3 Qf7 23. Kh1 Kh7 24. Rg1 Nac7 25. Rcf1 b6 26. g4 Rb7 27. a4 Rg8 28. gxf5 gxf5 29. Rxg8 Kxg8 30. Rg1+ Kh7 31. Qb2 Bd7 32. Nd1 Rb8 33. Nf2 Ng7 34. Kh2 Rg8 35. Nh1 Nge8 36. Ng3 Ng7 37. Bf6 Bc8 38. Bd1 Nce8 39. Bd8 Nc7 40. Bf6 Nce8 41. Bc3 Bd7 42. Qa1 Bc8 43. Bb2 Bd7 44. Qc1 Bc8 45. Qc3 Bd7 46. Nh1 Bc8 47. Qe1 Nf6 48. Qh4 Nfe8 49. Ng3 Nc7 50. Nh5 Nce8 51. Bxg7 1-0

[Event "Kaupthing op-B 1st"]
[Site "Differdange"]
[Date "2007.07.13"]
[Round "8"]
[White "Duenzel, Jonas"]
[Black "Marchal, Chantal"]
[Result "1/2-1/2"]
[WhiteElo "1900"]
[BlackElo "1884"]
[PlyCount "57"]
[EventDate "2007.07.08"]
[EventType "swiss"]
[EventRounds "9"]
[EventCountry "LUX"]
[SourceTitle "EXT 2008"]
[Source "ChessBase"]
[SourceDate "2007.11.25"]
[SourceVersion "1"]
[SourceVersionDate "2007.11.25"]
[SourceQuality "1"]

1. e4 c5 2. Nf3 d6 3. Nc3 Nf6 4. e5 dxe5 5. Nxe5 a6 6. Be2 e6 7. 0-0 Qc7 8. Nf3 Nc6 9. d3 Be7 10. b3 0-0 11. Bb2 Rd8 12. Qc1 Nd4 13. Nxd4 cxd4 14. Ne4 b5 15. Qd2 Bb7 16. Bf3 Nxe4 17. Bxe4 b4 18. Bxb7 Qxb7 19. a3 a5 20. Qe2 Rac8 21. axb4 Bxb4 22. Ba3 Qc6 23. Bxb4 axb4 24. Ra2 Ra8 25. Raa1 Rxa1 26. Rxa1 Ra8 27. Rxa8+ Qxa8 28. g3 h6 29. Qd2 1/2-1/2

[Event "La Fere op 5th"]
[Site "La Fere"]
[Date "2006.07.12"]
[Round "6"]
[White "Marchal, Chantal"]
[Black "Dubois, Vincent"]
[Result "1/2-1/2"]
[WhiteElo "1900"]
[BlackElo "1672"]
[PlyCount "71"]
[EventDate "2006.07.08"]
[EventType "swiss"]
[EventRounds "9"]
[EventCountry "FRA"]
[SourceTitle "CBM 113 Extra"]
[Source "ChessBase"]
[SourceDate "2006.09.14"]
[SourceVersion "1"]
[SourceVersionDate "2006.09.14"]
[SourceQuality "1"]

1. e4 c5 2. Nf3 Nc6 3. Bb5 e6 4. 0-0 Nge7 5. c3 a6 6. Bxc6 Nxc6 7. d4 cxd4 8. cxd4 Bb4 9. Bd2 Bxd2 10. Qxd2 0-0 11. Nc3 d5 12. e5 Ne7 13. Na4 Bd7 14. Nc5 Bc6 15. Rfc1 b6 16. Nd3 Rc8 17. a4 a5 18. Rc3 Qd7 19. b3 Bb7 20. Rac1 Ba6 21. Kf1 Rxc3 22. Rxc3 Rc8 23. Ke2 Rxc3 24. Qxc3 Qc6 25. Kd2 Qxc3+ 26. Kxc3 Bxd3 27. Kxd3 Nc6 28. Ne1 Kf8 29. Kc3 Nb4 30. Nc2 Nxc2 31. Kxc2 g5 32. b4 Kg7 33. bxa5 bxa5 34. Kd3 Kg6 35. Ke3 Kf5 36. Kf3 1/2-1/2

[Event "Metz op 24th"]
[Site "Metz"]
[Date "2006.04.24"]
[Round "3"]
[White "Marchal, Chantal"]
[Black "Fosset, Francois"]
[Result "1/2-1/2"]
[WhiteElo "1906"]
[BlackElo "2029"]
[PlyCount "93"]
[EventDate "2006.04.22"]
[EventType "swiss"]
[EventRounds "9"]
[EventCountry "FRA"]
[SourceTitle "EXT 2007"]
[Source "ChessBase"]
[SourceDate "2006.11.23"]
[SourceVersion "1"]
[SourceVersionDate "2006.11.23"]
[SourceQuality "1"]

1. e4 e5 2. Nf3 Nc6 3. Bc4 Nf6 4. d3 Bc5 5. c3 d6 6. Nbd2 a6 7. Bb3 0-0 8. 0-0 Be6 9. Bc2 Re8 10. Nb3 Ba7 11. Bg5 h6 12. Bh4 g5 13. Bg3 Ne7 14. d4 Bxb3 15. axb3 Ng6 16. Re1 Qe7 17. Qd3 Nh5 18. b4 Nhf4 19. Qc4 g4 20. Nd2 h5 21. b5 axb5 22. Qxb5 c6 23. Qc4 h4 24. Bxf4 Nxf4 25. Nf1 Qf6 26. Ne3 exd4 27. cxd4 Qxd4 28. Qxd4 Bxd4 29. Rxa8 Rxa8 30. Nc4 Bc5 31. g3 hxg3 32. hxg3 Nh3+ 33. Kg2 Bxf2 34. Rf1 Bc5 35. Bd1 Re8 36. Bc2 Ng5 37. Rf4 b5 38. Na5 Ra8 39. Nxc6 Kf8 40. Bb3 Ra6 41. Nb8 Ra7 42. Nc6 Rc7 43. Bd5 Rc8 44. Rxg4 Ne6 45. Rh4 Kg7 46. Ne7 Rh8 47. Nf5+ 1/2-1/2